Vector analysis with applications (Record no. 7970)

000 -LEADER
fixed length control field 00491nam a22001937a 4500
001 - CONTROL NUMBER
control field 7970
003 - CONTROL NUMBER IDENTIFIER
control field BD-DhUET
008 - FIXED-LENGTH DATA ELEMENTS--GENERAL INFORMATION
fixed length control field 141221b xxu||||| |||| 00| 0 eng d
040 ## - CATALOGING SOURCE
Transcribing agency 0
Modifying agency BD-DhUET
082 ## - DEWEY DECIMAL CLASSIFICATION NUMBER
Classification number 516.83
Item number ALI/1977
100 ## - MAIN ENTRY--PERSONAL NAME
Personal name Ali Ashraf
245 ## - TITLE STATEMENT
Title Vector analysis with applications
Statement of responsibility, etc. by Ali Ashraf
250 ## - EDITION STATEMENT
Edition statement 1st ed.
260 ## - PUBLICATION, DISTRIBUTION, ETC. (IMPRINT)
Place of publication, distribution, etc. Dhaka
Name of publisher, distributor, etc. Hafiz book centre
Date of publication, distribution, etc. 1977
300 ## - PHYSICAL DESCRIPTION
Extent 340[2]p.
Other physical details ill.
650 #0 - SUBJECT ADDED ENTRY--TOPICAL TERM
Topical term or geographic name as entry element Vector analysis
700 ## - ADDED ENTRY--PERSONAL NAME
Personal name Abdul Khaleq Hazra, Md.
942 ## - ADDED ENTRY ELEMENTS (KOHA)
Koha item type General Book
Holdings
Damaged status Koha full call number Copy number Koha issues (times borrowed) Lost status Koha normalized classification for sorting Source of classification or shelving scheme Location (home branch) Koha item type Koha date last seen Piece designation (barcode) Sublocation or collection (holding branch) Date acquired Price effective from Koha date last borrowed Koha out on loan Shelving location Not for loan Withdrawn status
 516.83/ALI/1977113 516_830000000000000_ALI_1977 Central Library, BUETGeneral Book2025-11-0948782Central Library, BUET2014-12-212014-12-212023-09-26 Circulation section  
 516.83/ALI/197729 516_830000000000000_ALI_1977 Central Library, BUETGeneral Book2024-02-0448785Central Library, BUET2015-03-312015-03-312024-02-042024-02-18Circulation section  
 516.83/ALI/19773  516_830000000000000_ALI_1977 Central Library, BUETGeneral Book2015-06-0756215Central Library, BUET2015-06-072015-06-07  Reading section  
 516.83/ALI/19774  516_830000000000000_ALI_1977 Central Library, BUETGeneral Book2015-06-0756213Central Library, BUET2015-06-072015-06-07  Reading section  
 516.83/ALI/19775  516_830000000000000_ALI_1977 Central Library, BUETGeneral Book2015-06-0756216Central Library, BUET2015-06-072015-06-07  Reading section  
 516.83/ALI/19776  516_830000000000000_ALI_1977 Central Library, BUETGeneral Book2015-06-0756218Central Library, BUET2015-06-072015-06-07  Reading section  
 516.83/ALI/197771 516_830000000000000_ALI_1977 Central Library, BUETGeneral Book2025-11-0956212Central Library, BUET2015-07-122015-07-122024-10-23 Circulation section